5HLuxD.jpg

KING HENRY VIII SENIOR AND PRIMARY SCHOOL LIBRARY OPAC

Powerless / (Record no. 5396)

000 -LEADER
fixed length control field 01583cam a2200409 i 4500
001 - CONTROL NUMBER
control field 23315973
003 - CONTROL NUMBER IDENTIFIER
control field OSt
005 - DATE AND TIME OF LATEST TRANSACTION
control field 20250910095928.0
008 - FIXED-LENGTH DATA ELEMENTS--GENERAL INFORMATION
fixed length control field 230913s2023 nyu d 000 1 eng
010 ## - LIBRARY OF CONGRESS CONTROL NUMBER
LC control number 2023036759
020 ## - INTERNATIONAL STANDARD BOOK NUMBER
International Standard Book Number 9781398529489
035 ## - SYSTEM CONTROL NUMBER
System control number 23315973
040 ## - CATALOGING SOURCE
Original cataloging agency DLC
Language of cataloging eng
Description conventions rda
Transcribing agency DLC
Modifying agency DLC
-- KH8
082 ## - DEWEY DECIMAL CLASSIFICATION NUMBER
Classification number FIC ROB
100 1# - MAIN ENTRY--PERSONAL NAME
Personal name Roberts, Lauren,
Dates associated with a name 2002-
Relator term author.
245 10 - TITLE STATEMENT
Title Powerless /
Statement of responsibility, etc. Lauren Roberts.
250 ## - EDITION STATEMENT
Edition statement First edition.
264 #1 - PRODUCTION, PUBLICATION, DISTRIBUTION, MANUFACTURE, AND COPYRIGHT NOTICE
Place of production, publication, distribution, manufacture New York :
Name of producer, publisher, distributor, manufacturer Simon & Schuster Books for Young Readers,
Date of production, publication, distribution, manufacture, or copyright notice 2023.
300 ## - PHYSICAL DESCRIPTION
Extent 502 pages ;
Dimensions 20 cm.
336 ## - CONTENT TYPE
Content type term text
Content type code txt
Source rdacontent
337 ## - MEDIA TYPE
Media type term unmediated
Media type code n
Source rdamedia
338 ## - CARRIER TYPE
Carrier type term volume
Carrier type code nc
Source rdacarrier
490 0# - SERIES STATEMENT
Series statement Powerless
520 ## - SUMMARY, ETC.
Summary, etc. In a kingdom divided by extraordinary powers and a strict caste system, Paedyn Gray, a young girl with no abilities, must hide her ordinary nature as she navigates a forbidden romance with a powerful prince and must participate in the perilous Purging Trials that could reveal her true identity.
521 ## - TARGET AUDIENCE NOTE
Target audience note Ages 14 up.
Source Simon & Schuster Books for Young Readers.
521 ## - TARGET AUDIENCE NOTE
Target audience note Grades 10-12.
Source Simon & Schuster Books for Young Readers.
650 #1 - SUBJECT ADDED ENTRY--TOPICAL TERM
Topical term or geographic name entry element Fantasy.
650 #1 - SUBJECT ADDED ENTRY--TOPICAL TERM
Topical term or geographic name entry element Interpersonal relations
Form subdivision Fiction.
650 #1 - SUBJECT ADDED ENTRY--TOPICAL TERM
Topical term or geographic name entry element Contests
Form subdivision Fiction.
650 #1 - SUBJECT ADDED ENTRY--TOPICAL TERM
Topical term or geographic name entry element Survival
Form subdivision Fiction.
650 #1 - SUBJECT ADDED ENTRY--TOPICAL TERM
Topical term or geographic name entry element Ability
Form subdivision Fiction.
650 #7 - SUBJECT ADDED ENTRY--TOPICAL TERM
Topical term or geographic name entry element YOUNG ADULT FICTION / Fantasy / Romance
Source of heading or term bisacsh
650 #7 - SUBJECT ADDED ENTRY--TOPICAL TERM
Topical term or geographic name entry element YOUNG ADULT FICTION / Social Themes / Class Differences
Source of heading or term bisacsh
655 #7 - INDEX TERM--GENRE/FORM
Genre/form data or focus term Fantasy fiction.
Source of term lcgft
655 #7 - INDEX TERM--GENRE/FORM
Genre/form data or focus term Novels.
Source of term lcgft
942 ## - ADDED ENTRY ELEMENTS (KOHA)
Source of classification or shelving scheme
Koha item type Books - Fiction
Holdings
Withdrawn status Lost status Source of classification or shelving scheme Damaged status Not for loan Collection code Permanent Location Current Location Shelving location Date acquired Total Checkouts Full call number Barcode Date last seen Date last checked out Price effective from Koha item type
          Fiction KH8 Senior School Library KH8 Senior School Library Young Adult 2025-09-10 2 FIC ROB 3KHSL000102417 2025-11-13 2025-11-11 2025-09-10 Books - Fiction

Powered By KH8 IT Dept